| 000 | 02148nam0a2200349 4500 | ||
|---|---|---|---|
| 001 | RU\NLR\bibl\577987 | ||
| 005 | 20260405111239.0 | ||
| 010 |
_a5-87055-048-3 _bв обл. |
||
| 021 |
_aRU _b2004-30708 _91545 |
||
| 035 | _aRSL-KNO-002437297 | ||
| 035 | _a(NLR Aleph) 000570007 | ||
| 090 |
_a1586477 _c1586477 |
||
| 100 | _a20040526d2003 |||y0rusy50 ca | ||
| 101 | 0 | _arus | |
| 102 | _aRU | ||
| 105 | _aa ||||||||| | ||
| 106 | _ar | ||
| 200 | 1 |
_aАвтоматизированное проектирование и изготовление технологической оснастки для производства обуви и протезно-ортопедических изделий _fС.Ю. Киселев _gМ-во образования Рос. Федерации, Моск. гос. ун-т дизайна и технологии |
|
| 210 |
_aМ. _cМГУДТ _d2003 _eИИЦ МГУДТ |
||
| 215 |
_a126 с. _cил., табл. _d20 |
||
| 313 | _aоснастка для производства ортопедической обуви | ||
| 320 | _aБиблиогр.: с. 123-126 | ||
| 606 | 0 |
_aОртопедическая обувь _xПроизводство _xОборудование _92354320 _3RU\NLR\auth\661406345 |
|
| 610 | 0 | _aПроизводства легкой промышленности -- Кожевенно-обувное и меховое производства. Производство изделий из кожи и её заменителей -- Обувное производство -- Производство отдельных видов обуви -- Обувь специального назначения -- Ортопедическая обувь -- Оборудование. Технологическая оснастка | |
| 686 |
_aМ557.8-5,0 _2rubbk |
||
| 686 | _aМ557.8-5 | ||
| 700 | 1 |
_4070 _7ca _8rus _aКиселев _bС. Ю. _cд-р техн. наук, обувное пр-во _gСергей Юрьевич _925191 _3RU\NLR\auth\7742246 |
|
| 801 | 0 |
_aRU _bRuMoRKP _c20040526 _gPSBO |
|
| 801 | 1 |
_aRU _bRuMoRGB _c20040526 |
|
| 801 | 2 |
_aRU _bNLR _c20041126 _gPSBO |
|
| 942 | _cBOOK | ||
| 980 | _aNB | ||